Chile: land of progress
Guardat en:
| Autor principal: | |
|---|---|
| Format: | Llibre |
| Idioma: | anglès |
| Publicat: |
Nueva York, Estados Unidos
Reynal & Hitchcock
1941
|
| Matèries: | |
| Etiquetes: |
Afegir etiqueta
Sense etiquetes, Sigues el primer a etiquetar aquest registre!
|
MARC
| LEADER | 00000nam a2200000 a 4500 | ||
|---|---|---|---|
| 001 | UCP5988 | ||
| 003 | CL-VaPUC | ||
| 005 | 20210616001440.0 | ||
| 008 | 991008e19410000US |||||||||||||||||eng|d | ||
| 999 | |c 283625 |d 283623 | ||
| 040 | |c Pontificia Universidad Católica de Valparaíso | ||
| 082 | 0 | 4 | |a 338.983 HAN 1941 |2 21 |
| 100 | 0 | |a Hanson, Earl Parker |e author |9 434720 | |
| 245 | 1 | 0 | |a Chile: |b land of progress |
| 260 | |a Nueva York, Estados Unidos |b Reynal & Hitchcock |c 1941 | ||
| 300 | |a 201 páginas | ||
| 583 | |a last modification |c 19991008 00:00:00 |k Rodrigo Vera | ||
| 650 | 0 | |a Desarrollo económico y social |z CHILE |9 256320 | |
| 650 | 0 | |a Países en desarrollo |z CHILE |9 259663 | |
| 650 | 0 | |a Historia de Chile |9 265473 | |
| 852 | |a BIBCUR | ||
| 942 | |c BK |2 ddc | ||
| 945 | |d 19991008 00:00:00 |a crobeson | ||
| 952 | |0 0 |1 0 |2 ddc |4 0 |6 338_983000000000000_HAN_1941 |7 0 |8 X |9 326913 |a BIBHIS |b BIBHIS |d 2019-11-20 |i 1358782 |o 338.983 HAN 1941 |p 1358782 |r 2024-01-30 |t 1 |w 2019-11-20 |y BK_X |k HIS | ||